| 000 | 00817nam a2200205 4500 | ||
|---|---|---|---|
| 001 | 136169 | ||
| 003 | ES-MaACL | ||
| 005 | 20230906195042.0 | ||
| 007 | t| | ||
| 008 | 070214m19801982sp r ||||1| spa d | ||
| 100 | 1 |
_aRuiz Serramalera, Ricardo. _9100929 |
|
| 245 | 1 | 0 |
_aDerecho civil / _cRicardo Ruiz Serramalera. |
| 260 |
_aMadrid : _bUniversidad Complutense, Facultad de Derecho, _c1980-82. |
||
| 300 |
_a3 v. ; _c24 cm. |
||
| 500 | _aContiene: t. 1: Parte general : Las fuentes del Derecho y la eficacia de las normas jurÃdicas ---- t. 2-3: Derecho de obligaciones. | ||
| 710 | 2 |
_aUniversidad Complutense de Madrid. _bFacultad de Derecho. _97119 |
|
| 740 | 0 | _aLas fuentes del Derecho y la eficacia de las normas jurÃdicas. | |
| 740 | 0 | _aDerecho de obligaciones. | |
| 852 |
_aES-MaACL _jL-2975-7 _bR.104148 |
||
| 999 |
_c136169 _d136169 |
||